00466nam a22001457a 4500003000900000005001700009008004100026020001500067040002500082082002700107100003200134245008700166260004000253300002700293DO-SdBNP20210906112510.0210906b1998 ||||| |||| 00| 0 spa d a8482610783 aDO-SdBNPbspacBNPHU axxxbR696c, 1 ro, 19981 aRodríguez Matos, Josefina10aCiencias de la naturalez 1 /cJosefina Rodríguez Matos, Claudia Llibre de Vargas aSanto Domingo :bSantillana ,c1998 a111 p. :bil. ;c28 cm